00668nam a2200229Ia 4500003000900000008004100009040001300050040001300063041000800076100002100084245003800105250001100143260001200154260000900166300001100175300001000186490001500196490000600211942000700217999001700224952019700241IT-RoPAU120407s9999 xx 000 0 und d aIT-RoPAU cIT-RoPAU aita aGeoffrey Chaucer aI racconti di Canterbury, 3.a ed. aMilano aRizzoli c1982 a553 p. c18 cm aBur, L 194 v1 cBK c35699d35699 00102ddc406820_00000000000000071aPAULUSbPAULUSd2012-04-11l0o820.0r2012-04-11 00:00:00w2012-04-11yBKzInserito da: LuigiG In data: 27 ottobre 2011 fondo: Via A.Severo 56 Progr:11323